| 000 | 00893nam a2200193 i 4500 | ||
|---|---|---|---|
| 001 | 166459 | ||
| 003 | ES-MaACL | ||
| 005 | 20230906213335.0 | ||
| 008 | 981002q1860 sp |||| | spa d | ||
| 100 | 1 |
_aTorralba Pedreño, Federico. _9133307 |
|
| 245 | 1 | 0 |
_aCristo y la civilización : _b(lecciones pronunciadas en el Ateneo Científico y Literario de Madrid) / _cpor Federico Torralba, precedida de un juicio crítico de Mr. Anselmo Dubrois. |
| 260 |
_a[Madrid : _bs.n., _cca. 1860] ( _fImp. de la Viuda de Orga, Plazuela del Biombo) |
||
| 300 |
_a123 p. ; _c22 cm. |
||
| 596 | _aFecha aproximada, deducida de las características del documento | ||
| 610 | 2 | 4 |
_aAteneo de Madrid- _vConferencias- _yS.XIX. _91910 |
| 650 | 4 |
_aCristianismo y civilización. _911433 |
|
| 700 | 1 |
_aDubrois, Anselme. _9126854 |
|
| 852 | 4 |
_aES-MaACL _jT-191-F-6 _z- Enc. hol. _z- Dedicatoria autógrafa del autor |
|
| 999 |
_c166459 _d166459 |
||